Central Library OPAC University of Rajshahi

Handbook on constitutional law / (Record no. 7300)

MARC details
000 -LEADER
fixed length control field 00982cam a2200301 i 4500
001 - CONTROL NUMBER
control field 7300
003 - CONTROL NUMBER IDENTIFIER
rucl marc code BD-RjUL
005 - DATE AND TIME OF LATEST TRANSACTION
control field 20211208234408.0
008 - FIXED-LENGTH DATA ELEMENTS--GENERAL INFORMATION
fixed length control field 140113s1978 mnu b 001 0 eng
035 ## - SYSTEM CONTROL NUMBER
System control number (BD-RjUL)7343
040 ## - CATALOGING SOURCE
Original cataloging agency DLC
Transcribing agency DLC
Modifying agency BD-RjUL
Language of cataloging eng
041 ## - LANGUAGE CODE
Language code of text/sound track or separate title eng
082 00 - DEWEY DECIMAL CLASSIFICATION NUMBER
Classification number 342.73
Edition number 19
Author mark and year NOH 1978
100 1# - MAIN ENTRY--PERSONAL NAME
Personal name Nowak, John E.
9 (RLIN) 22801
245 10 - TITLE STATEMENT
Title Handbook on constitutional law /
Statement of responsibility, etc. John E. Nowak, Ronald D. Rotunda, J. Nelson Young.
260 ## - PUBLICATION, DISTRIBUTION, ETC. (IMPRINT)
Place of publication, distribution, etc. St. Paul :
Name of publisher, distributor, etc. West Pub. Co.,
Date of publication, distribution, etc. c1978.
300 ## - PHYSICAL DESCRIPTION
Pagination xxxvii, 974 p. ;
Size 25 cm.
500 ## - GENERAL NOTE
General note Rev. ed. published as: Constitutional law. 1983.
General note "Table of cases": p. 943-965.
504 ## - BIBLIOGRAPHY, ETC. NOTE
Bibliography, etc Includes index.
650 #0 - SUBJECT ADDED ENTRY--TOPICAL TERM
Topical term or geographic name as entry element Constitutional law
Geographic subdivision United States.
9 (RLIN) 22803
700 1# - ADDED ENTRY--PERSONAL NAME
Personal name Rotunda, Ronald D.,
Relator term joint author.
Personal name Young, J. Nelson
Fuller form of name (Jesse Nelson),
Dates associated with a name 1916-
Relator term joint author.
942 ## - ADDED ENTRY ELEMENTS (KOHA)
Source of classification or shelving scheme Dewey Decimal Classification
Koha item type Books
Holdings
Lost status Source of classification or shelving scheme Damaged status Not for loan Collection code Permanent Location Current Location Shelving location Date acquired Source of acquisition Total Checkouts Full call number Date last seen Copy number Koha item type
  Dewey Decimal Classification   Not For Loan Non-fiction Central Library, University of Rajshahi Central Library, University of Rajshahi   12/12/1984 Asia Foundation.   342.73 NOH 1978 13/01/2014 C-1 Books